ARRUPE JESUIT UNIVERSITY

CORONAVIRUS -STOP THE SPREAD - CLEAN,DISINFECT,COVER
Normal view MARC view

Entry Geographic Name

Number of records used in: 2

001 - CONTROL NUMBER

  • control field: 14178

003 - CONTROL NUMBER IDENTIFIER

  • control field: ARRUPE

005 - DATE AND TIME OF LATEST TRANSACTION

  • control field: 20150116175238.0

008 - FIXED-LENGTH DATA ELEMENTS

  • fixed length control field: 150116|| aca||aabn | a|a d

040 ## - CATALOGING SOURCE

  • Original cataloging agency: ARRUPE
  • Transcribing agency: ARRUPE

151 ## - HEADING--GEOGRAPHIC NAME

  • Geographic name: Malawi
  • General subdivision: Politics and government.

670 ## - SOURCE DATA FOUND

  • Source citation: Work cat.: (ARRUPE)0: Malawi Congress Party. 14176, Malawi Congress Party manifesto, general election, 1961., 1961

 

Arrupe Library. PO Box MP320 Mt Pleasant, Harare, Zimbabwe
263 242 745411|librarian@aju.ac.zw